000 00615nam a2200229Ia 4500
003 OSt
005 20220923230534.0
006 a|||||r|||| 00| 0
007 ta
008 Pun
024 _a283,010
037 _cTextual
040 _aARTS
_cARTS
_bPun
041 _2Pun
_aPun
082 _aO153,3NKRx, [L8]
100 _aਕ੍ਰਿFਨ ਕਾਂਤ
_9160121
245 0 _aਘੋੜੀਆਂ ਵਾਲਾ Fਿਕਾਰੀ
260 _c1978
650 _aਪੰਜਾਬੀ ਸਾਹਿਤ
942 _hO153,3NKRx, [L8]
_cTEXL
_2CC
999 _c385554
_d385554